| 000 | 03867pam a2200973 a 4500 | ||
|---|---|---|---|
| 020 | _a0070465614 : | ||
| 082 | 0 | 0 |
_a624.18341 _bNIL _cN-01,P-52 |
| 100 | 1 |
_aNilson, Arthur H. _920244 |
|
| 245 | 1 | 0 |
_aDesign of concrete structures / _cArthur H. Nilson, George Winter. |
| 250 | _a12th ed. | ||
| 260 |
_aNew York : _bMcGraw-Hill, _cc1997. |
||
| 300 |
_axvii, 780 p. : _bill. ; _c25 cm. |
||
| 500 | _aRev. ed. of: Design of concrete structures / George Winter, Arthur H. Nilson. 9th ed. c1979. | ||
| 526 |
_a0 _b0 _c0 _d624_183410000000000_NIL |
||
| 526 |
_a0 _b0 _c0 _d624_183410000000000_NIL |
||
| 526 |
_a0 _b0 _c0 _d624_183410000000000_NIL |
||
| 526 |
_a0 _b0 _c0 _d624_183410000000000_NIL |
||
| 526 |
_a0 _b0 _c0 _d624_183410000000000_NIL |
||
| 526 |
_a0 _b0 _c0 _d624_183410000000000_NIL |
||
| 526 |
_a0 _b0 _c0 _d624_183410000000000_NIL |
||
| 526 |
_a0 _b0 _c0 _d624_183410000000000_NIL |
||
| 526 |
_a0 _b0 _c0 _d624_183410000000000_NIL |
||
| 526 |
_a0 _b0 _c0 _d624_183410000000000_NIL |
||
| 526 |
_a0 _b0 _c0 _d624_183410000000000_NIL |
||
| 526 |
_a0 _b0 _c0 _d624_183410000000000_NIL |
||
| 526 |
_a0 _b0 _c0 _d624_183410000000000_NIL |
||
| 526 |
_a0 _b0 _c0 _d624_183410000000000_NIL |
||
| 526 |
_a0 _b0 _c0 _d624_183410000000000_NIL |
||
| 526 |
_a0 _b0 _c0 _d624_183410000000000_NIL |
||
| 526 |
_a0 _b0 _c0 _d624_183410000000000_NIL |
||
| 526 |
_a0 _b0 _c0 _d624_183410000000000_NIL |
||
| 526 |
_a0 _b0 _c0 _d624_183410000000000_NIL |
||
| 526 |
_a0 _b0 _c0 _d624_183410000000000_NIL |
||
| 526 |
_a0 _b0 _c0 _d624_183410000000000_NIL |
||
| 526 |
_a0 _b0 _c0 _d624_183410000000000_NIL |
||
| 526 |
_a0 _b0 _c0 _d624_183410000000000_NIL |
||
| 526 |
_a0 _b0 _c0 _d624_183410000000000_NIL |
||
| 526 |
_a0 _b0 _c0 _d624_183410000000000_NIL |
||
| 526 |
_a0 _b0 _c0 _d624_183410000000000_NIL |
||
| 526 |
_a0 _b0 _c0 _d624_183410000000000_NIL |
||
| 526 |
_a0 _b0 _c0 _d624_183410000000000_NIL |
||
| 526 |
_a0 _b0 _c0 _d624_183410000000000_NIL |
||
| 526 |
_a0 _b0 _c0 _d624_183410000000000_NIL |
||
| 526 |
_a0 _b0 _c0 _d624_183410000000000_NIL |
||
| 526 |
_a0 _b0 _c0 _d624_183410000000000_NIL |
||
| 526 |
_a0 _b0 _c0 _d624_183410000000000_NIL |
||
| 526 |
_a0 _b0 _c0 _d624_183410000000000_NIL |
||
| 526 |
_a0 _b0 _c0 _d624_183410000000000_NIL |
||
| 526 |
_a0 _b0 _c0 _d624_183410000000000_NIL |
||
| 526 |
_a0 _b0 _c0 _d624_183410000000000_NIL |
||
| 526 |
_a0 _b0 _c0 _d624_183410000000000_NIL |
||
| 526 |
_a0 _b0 _c0 _d624_183410000000000_NIL |
||
| 526 |
_a0 _b0 _c0 _d624_183410000000000_NIL |
||
| 526 |
_a0 _b0 _c0 _d624_183410000000000_NIL |
||
| 526 |
_a0 _b0 _c0 _d624_183410000000000_NIL |
||
| 526 |
_a0 _b0 _c0 _d624_183410000000000_NIL |
||
| 526 |
_a0 _b0 _c0 _d624_183410000000000_NIL |
||
| 526 |
_a0 _b0 _c0 _d624_183410000000000_NIL |
||
| 526 |
_a0 _b0 _c0 _d624_183410000000000_NIL |
||
| 526 |
_a0 _b0 _c0 _d624_183410000000000_NIL |
||
| 526 |
_a0 _b0 _c0 _d624_183410000000000_NIL |
||
| 526 |
_a0 _b0 _c0 _d624_183410000000000_NIL |
||
| 526 |
_a0 _b0 _c0 _d624_183410000000000_NIL |
||
| 526 |
_a0 _b0 _c0 _d624_183410000000000_NIL |
||
| 526 |
_a0 _b0 _c0 _d624_183410000000000_NIL |
||
| 526 |
_a0 _b0 _c0 _d624_183410000000000_NIL |
||
| 526 |
_a0 _b0 _c0 _d624_183410000000000_NIL |
||
| 526 |
_a0 _b0 _c0 _d624_183410000000000_NIL |
||
| 526 |
_a0 _b0 _c0 _d624_183410000000000_NIL |
||
| 526 |
_a0 _b0 _c0 _d624_183410000000000_NIL |
||
| 526 |
_a0 _b0 _c0 _d624_183410000000000_NIL |
||
| 526 |
_a0 _b0 _c0 _d624_183410000000000_NIL |
||
| 526 |
_a0 _b0 _c0 _d624_183410000000000_NIL |
||
| 526 |
_a0 _b0 _c0 _d624_183410000000000_NIL |
||
| 526 |
_a0 _b0 _c0 _d624_183410000000000_NIL |
||
| 526 |
_a0 _b0 _c0 _d624_183410000000000_NIL |
||
| 526 |
_a0 _b0 _c0 _d624_183410000000000_NIL |
||
| 526 |
_a0 _b0 _c0 _d624_183410000000000_NIL |
||
| 650 | 0 |
_aNUST _96342 |
|
| 650 | 0 |
_aPrestressed concrete construction. _920245 |
|
| 650 | 0 | _aReinforced concrete construction. | |
| 700 | 1 |
_aNilson, Arthur H. _920244 |
|
| 942 |
_2ddc _cBK |
||
| 999 |
_c543214 _d543214 |
||